Tante diversità, uguali diritti Interventi a favore delle pari opportunità in ambito educativo

Salvato in:
Dettagli Bibliografici
Enti autori: MIUR, UNAR, Istituto comprensivo statale Amerigo Vespucci
Natura: Libro
Lingua:inglese
Pubblicazione: MIUR 2013
Tags: Aggiungi Tag
Nessun Tag, puoi essere il primo ad aggiungerne!!

MARC

LEADER 00000nam a2200000 4500
005 20241023173743.0
008 241023b |||||||| |||| 00| 0 eng d
040 |c GP 
110 |a MIUR 
245 |a Tante diversità, uguali diritti  |b Interventi a favore delle pari opportunità in ambito educativo 
260 |b MIUR  |c 2013 
710 |a UNAR 
710 |a Istituto comprensivo statale Amerigo Vespucci 
942 |2 ddc  |c VM  |n 0 
952 |0 0  |1 0  |2 ddc  |4 0  |6 306_766000000000000_MIU  |7 1  |9 2153  |a RM  |b RM  |d 2024-10-23  |l 0  |o 306.766 MIU  |p 821  |r 2024-10-23 17:38:04  |w 2024-10-23  |y VM 
999 |c 1893  |d 1893